| 000 | 01284cam a2200265 4500 | ||
|---|---|---|---|
| 001 | ##L131365 | ||
| 002 | ##9096 | ||
| 008 | 051026n2005 000 0 eng u | ||
| 020 | _a0860176231 | ||
| 035 | _a(Sirsi) u131365 | ||
| 041 | 0 | _aeng | |
| 050 | 0 | 0 |
_a690.24 _c22 |
| 100 | 1 | _aGarvin, S | |
| 245 | 0 | 0 | _aStandard for the repair of buildings following flooding |
| 260 |
_aLondon _bCIRIA _c2005 |
||
| 300 |
_a134p. _c30cm. |
||
| 350 | _a80 | ||
| 490 | 0 |
_aCIRIA Publication _vC623 |
|
| 520 | _aThis guide sets out requirements for the repair of buildings following flooding. It includes: includes: a description of the causes of flooding and the impact that floods can have on buildings; making safe, decontamination and drying activities that must be undertaken immediately after the floodwaters have receded, including recommendations on appropriate health and safety risk assessments; conducting post-flood surveys and future flood risk assessments, and standards of repair for buildings following flooding. Appendices contain guidance to homeowners, technical information, key organisations offering advice on flooding and information on insurance. | ||
| 590 | _aIKA081105 | ||
| 690 |
_aRefurbishment _96264 |
||
| 700 | 1 | _aReid, J | |
| 700 | 1 | _aScott, M | |
| 942 | _n0 | ||
| 999 |
_c104725 _d104725 |
||